Statistics for Oh, Canada!

Click here to take the quiz!

General Stats

  • This quiz has been taken 14 times
  • The average score is 8 of 15

Answer Stats

QuestionAnswer% Correct
What is Canada's national animal?Beaver
93%
What are warm dry winds rushing down the slope of the Rocky Mountains towards southern Alberta called?Chinook
71%
This unique pizza was invented in Canada in 1962.Hawaiian
71%
Founded in 1786, this family company was the oldest brewery in North American until it's merger with an American family brewing company in 2005.Molson
71%
This is the only walled city in North America.Quebec City
71%
Which of these famous comedic actors were NOT born in Canada?Will Ferrell
71%
How many times zones does Canada have?6
57%
This cooking oil was created in the 1960's in Canada's Prairie Provinces.Canola
57%
Which Province has the longest fresh water beach in the world?Ontario
50%
This village is the northernmost settlement in the world.Alert
43%
This apple was discovered in Upper Canada in 1811.McIntosh
43%
Which Great Lake does NOT share a border with the USA?Michigan
43%
This Bear has the largest population in the world living in CanadaPolar
43%
Toronto once had a professional ice hockey team in the now defunct WHA. What was their name?Toros
29%
This National Park is larger in area than Belgium, Switzerland and Denmark!Wood Buffalo
14%

Score Distribution

Percentile by Number Answered

Percent of People with Each Score

Your Score History

You have not taken this quiz